000 004890000a22001810004500
020 _a84-7228-857-9
041 0 _aSPA
082 0 4 _aG 253.4 R994n
100 1 _aRyle, Juan Carlos (1816-1900)
245 1 0 _aEl nuevo nacimiento / J. C. Ryle ; David Vila, Traductor
260 _aTerrassa, Barcelona, España : CLIE
300 _a188 Pag
001 6420
942 _cBK
999 _c36692
_d36692
336 _atexto
_btxt
_2rdacontent
337 _2rdamedia
_asin mediación
_bn
338 _2rdacarrier
_avolumen
_bnc